| 000 | 00760nam a2200241Ia 4500 | ||
|---|---|---|---|
| 003 | GCL | ||
| 008 | 140319s9999 xx 000 0 ara d | ||
| 040 |
_aGCL / _cGCL |
||
| 082 | 0 | 4 |
_a338.9 _bس ت |
| 100 | 1 | _aسعد طه علام | |
| 245 | 1 | 0 |
_aالتخطيط مع حرية السوق / _cسعد طه علام |
| 250 | _aالاولى | ||
| 260 |
_aالقاهرة : _bدار طيبة للنشر ، _c2003 |
||
| 300 |
_a231 ص ؛ _c24 سم |
||
| 650 | 0 | 4 | _aالتخطيط الاقتصادى |
| 650 | 0 | 4 | _aالسياسة التجارية |
| 650 | 0 | 4 | _aالاستثمار |
| 650 | 0 | 4 | _aالتنمية الاقتصادية |
| 650 | 0 | 4 | _aالاسواق |
| 650 | 0 | 4 | _aالرقابة |
| 650 | 0 | 4 | _aالمؤشرات الاقتصادية |
| 942 |
_2ddc _cBK |
||
| 999 |
_c6117 _d6117 |
||